000 00536nam a2200181Ia 4500
008 240729s9999 xx 000 0 und d
022 _a1932-7048
245 0 _aCities and the Environment
260 _aUnited States
260 _bLoyola Marymount University
650 _a Cities. Urban geography
650 _a Human ecology. Anthropogeography
650 _a Settlements
650 _aGeography. Anthropology. Recreation
856 _uhttps://doaj.org/toc/8d1099b29f5840c2bda1ae648f3167d1
942 _2ddc
942 _cDOAJEJ
999 _c70632
_d70632
945 _a1
_bMadushi Gamage
_c1
_dMadushi Gamage